00666nam a2200157Ia 4500001001000000003000500010008004100015010001100056040000900067100001800076245022300094260006000317300001000377440004800387650007300435Para_3964CHAP220125s1927 xx 000 0 und d a202228 cCHAP aBrody, Samuel aGrowth and development :b with special reference to domestic animals. X. The relation between the course of growth and the course of senescence with special reference to age changes in milk secretion /c Samuel Brody aColumbia, Missouri :b Agricultural Experiment Station a64 p. aMissouri Agri. Exp. Sta. Research Bull; 105 aAnimales domésticos x Crecimiento Ganado lechero x Producción